Palmarès des monuments cycliste (2010 - 2023) - Statistiques

Statistiques générales
  • Ce quiz a été pris 385 fois
  • Le résultat moyen est 41 sur 70
Statistiques - réponses
Années Monuments Coureur % Correct
2023 Tour de Lombardie Tadej Pogacar
100%
Tour des Flandres Tadej Pogacar
100%
2022 Tour de Lombardie Tadej Pogacar
100%
2021 Tour de Lombardie Tadej Pogacar
100%
Paris Roubaix Mathieu Van Der Poel
99%
Milan San Remo Mathieu Van Der Poel
99%
Tour des Flandres Mathieu Van Der Poel
99%
Tour des Flandres Mathieu Van Der Poel
99%
Milan San Remo Julian Alaphilippe
92%
Milan San Remo Wout Van Aert
91%
Liège Bastogne lège Remco Evenepoel
89%
Lège Bastogne Lège Remco Evenepoel
89%
Paris Roubaix Peter Sagan
83%
Tour des Flandres Peter Sagan
83%
Tour des Flandres Fabian Cancellara
80%
Paris Roubaix Fabian Cancellara
80%
Tour des Flandres Fabian Cancellara
80%
Paris Roubaix Fabian Cancellara
80%
Tour des Flandres Fabian Cancellara
80%
Paris Roubaix Philippe Gilbert
79%
Tour des Flandres Philippe Gilbert
79%
Liège Bastogne Liège Philippe Gilbert
79%
2010 Tour de Lombardie Philippe Gilbert
79%
Paris Roubaix Tom Boonen
79%
Tour des Flandres Tom Boonen
79%
2018 Tour de Lombardie Thibaut Pinot
78%
Milan San Remo Vincenzo Nibali
77%
2017 Tour de Lombardie Vincenzo Nibali
77%
2015 Tour de Lombardie Vincenzo Nibali
77%
Liège Bastogne Liège Alejandro Valverde
71%
Liège Bastogne Liège Alejandro Valverde
71%
Liège Bastogne Lège Primoz Roglic
71%
Milan San Remo Arnaud Démare
68%
Paris Roubaix Dylan Van Baarle
67%
Milan San Remo Matej Mohoric
64%
Paris Roubaix Sonny Colbrelli
60%
Tour des Flandres Kasper Asgreen
52%
2020 Tour de Lombardie Jakob Fuglsang
51%
Liège Bastogne Liège Jakob Fuglsang
51%
Milan San Remo Jasper Stuyven
51%
Paris Roubaix Greg Van Avermaet
50%
Paris Roubaix John Degenkolb
45%
Milan San Remo John Degenkolb
45%
Milan San Remo Michal Kwiatkowski
45%
Tour des Flandres Niki Terpstra
45%
Paris Roubaix Niki Terpstra
45%
Tour des Flandres Alberto Bettiol
41%
Paris Roubaix Mathew Hayman
40%
2019 Tour de Lombardie Bauke Mollema
38%
Liège Bastogne Liège Bob Jungels
38%
Liège Bastogne Liège Wout Poels
38%
Tour des Flandres Alexander Kristoff
35%
Milan San Remo Alexander Kristoff
35%
2014 Tour de Lombardie Dan Martin
35%
Liège Bastogne Lège Dan Martin
35%
2013 Tour de Lombardie Joaquim Rodriguez
34%
2012 Tour de Lombardie Joaquim Rodriguez
34%
2016 Tour de Lombardie Esteban Chaves
27%
Liège Bastogne Liège Alexandre Vinokourov
18%
Milan San Remo Oscar Freire
18%
Liège Bastogne Liège Simon Gerrans
18%
Milan San Remo Simon Gerrans
18%
Paris Roubaix Annulé
17%
Milan San Remo Gerald Ciolek
17%
Tour des Flandres Nick Nuyens
16%
Paris Roubaix Joahn Vansummeren
15%
Liège Bastogne Liège Maxim Iglinskiy
10%
Milan San Remo Matthew Goss
9%
2011 Tour de Lombardie Oliver Zaugg
9%
Lège Bastogne Lège Tadej Poagacar
3%
Aucun quiz correspondant
Distribution des résultats
% des personnes avec chaque résultat
Percentile par nombre de réponses
Votre historique - résultats
Vous n’avez pas pris ce quiz